Групповая психотерапия (Запись № 11891399)

Подробности
000 -МАРКЕР
контрольное поле 01694nam0a2200385 4500
001 - ИДЕНТИФИКАТОР ЗАПИСИ
контрольное поле RU\NLR\BIBL_A\012097916
005 - ИДЕНТИФИКАТОР ВЕРСИИ
контрольное поле 20190930153417.0
010 ## - МЕЖДУНАРОДНЫЙ СТАНДАРТНЫЙ НОМЕР КНИГИ (ISBN)
Номер (ISBN) 978-5-4461-0946-3
021 ## - НОМЕР ГОСУДАРСТВЕННОЙ РЕГИСТРАЦИИ
Код страны Российская Федерация
Номер КН-П-19-062778
Номер Листа государственной регистраци КН-П-19-4491
035 ## - ДРУГИЕ СИСТЕМНЫЕ НОМЕРА
Идентификатор записи (NLR Aleph) 012097916
035 ## - ДРУГИЕ СИСТЕМНЫЕ НОМЕРА
Идентификатор записи (RuMoRGB)010073041
100 ## - ДАННЫЕ ОБЩЕЙ ОБРАБОТКИ
Данные общей обработки 20190923d2020 u y0rusy50 ca
101 1# - ЯЗЫК РЕСУРСА
Язык текста, звукозаписи и т.д. русский
Язык оригинала английский
102 ## - СТРАНА ПУБЛИКАЦИИ ИЛИ ПРОИЗВОДСТВА
Страна публикации Российская Федерация
105 ## - ПОЛЕ КОДИРОВАННЫХ ДАННЫХ: ТЕКСТОВЫЕ МАТЕРИАЛЫ, МОНОГРАФИЧЕСКИЕ
Кодированные данные о монографическом текстовом документе y|||z|||000zy
200 1# - ЗАГЛАВИЕ И СВЕДЕНИЯ ОБ ОТВЕТСТВЕННОСТИ
Основное заглавие Групповая психотерапия
Первые сведения об ответственности И. Ялом, М. Лесц
Последующие сведения об ответственности [перевели с английского: С. Баркова и др.]
205 ## - СВЕДЕНИЯ ОБ ИЗДАНИИ
Сведения об издании 5-е изд.
210 ## - ПУБЛИКАЦИЯ, РАСПРОСТРАНЕНИЕ И ДР.
Место издания, распространения и т.д. Санкт-Петербург [и др.]
Имя издателя, распространителя и т. д. Питер
Дата издания, распространения и т.д. 2020 [т.е. 2019]
215 ## - ФИЗИЧЕСКАЯ ХАРАКТЕРИСТИКА
Специфическое обозначение материала и объем 620 с.
Размеры 24
225 1# - СЕРИЯ
Основное заглавие серии Мастера психологии
300 ## - ОБЩИЕ ПРИМЕЧАНИЯ
Текст примечания Загл. и авт. ориг.: The theory and practice of group psychotherapy/ Irvin D. Yalom with Molyn Leszcz
300 ## - ОБЩИЕ ПРИМЕЧАНИЯ
Текст примечания Фактическая дата выхода в свет - 2019
333 ## - ПРИМЕЧАНИЯ ОБ ОСОБЕННОСТЯХ РАСПРОСТРАНЕНИЯ И ИСПОЛЬЗОВАНИЯ
Текст примечания 16+
454 #1 - ОРИГИНАЛ (ПЕРЕВОДА)
Встроенное поле 2001#$aThe theory and practice of group psychotherapy$fIrvin D. Yalom with Molyn Leszcz
-- 700#1$aYalom$bI. D.$f1931 -$gIrvin D.$3RU\NLR\AUTH\7761889
-- 701#1$aLeszcz$bM.$gMolyn
Заглавие The theory and practice of group psychotherapy
Автор Yalom, Irvin D. (1931 -)
606 1# - НАИМЕНОВАНИЕ ТЕМЫ КАК ПРЕДМЕТ
Наименование темы Групповая психотерапия
Системный номер авторитетной/нормативной записи 929447
Идентификатор авторитетной/нормативной записи RU\NLR\AUTH\6623427
686 1# - ИНДЕКСЫ ДРУГИХ КЛАССИФИКАЦИЙ
Индекс Ю948.1-82
686 1# - ИНДЕКСЫ ДРУГИХ КЛАССИФИКАЦИЙ
Индекс Р357.17
700 #1 - ИМЯ ЛИЦА - ПЕРВИЧНАЯ ОТВЕТСТВЕННОСТЬ
Графика поля Кириллица
Материалы, к которым относится поле rus
Начальный элемент ввода Ялом
Часть имени, кроме начального элемента ввода И. Д.
Даты 1931-
Расширение инициалов личного имени Ирвин Д.
Системный номер авторитетной/нормативной записи 120241
Идентификатор авторитетной/нормативной записи RU\NLR\AUTH\7710469
701 #1 - ИМЯ ЛИЦА - АЛЬТЕРНАТИВНАЯ ОТВЕТСТВЕННОСТЬ
Начальный элемент ввода Лесц
Часть имени, кроме начального элемента ввода М.
Расширение инициалов личного имени Молин
942 ## - ДОПОЛНИТЕЛЬНЫЕ ЭЛЕМЕНТЫ ЗАПИСИ (АБИС)
Тип экземпляра АБИС Книга
980 ## - КОЛЛЕКЦИЯ
Название коллекции НБР
980 ## - КОЛЛЕКЦИЯ
Название коллекции Национальная библиография

Нет доступных экземпляров.